000 00702nam a2200253Ia 4500
003 OSt
005 20221005120120.0
006 a|||||r|||| 00| 0
007 ta
008 221004b |||||||| |||| 00| 0 ara d
020 _c2700
024 _a2223
037 _b412, 06/11/2012, Nadwi Publications
_cTextual
040 _aCRL
_cCRL
_bara
041 _2ara
_aara
082 _aO28,1N33:g, P3
100 _aAhmad Mukhtar Umar Au.
_9628568
245 0 _aDeewanul adab
260 _c2003
300 _a1123p.
_ccm.
650 _aARABIC POETRY
942 _hO28,1N33:g, P3
_cTEXL
_2cc
999 _c1036930
_d1036930